000 00601nam a2200193Ia 4500
003 GCL
008 140319s9999 xx 000 0 ara d
040 _aGCL /
_cGCL
082 0 4 _a796.34
_bع م
100 1 _aعبدالنبى الجمال
245 1 0 _aالموسوعة العربية للتنس /
_cعبدالنبى الجمال
700 1 _aمحمد حسن علاوى
260 _a[S.N] :
_bلجنة الاعلام والدراسات المستقبلية ،
_c1988
300 _a173 ص
490 _a
650 0 4 _aالرياضة البدنية
650 0 4 _aالتنس
942 _2ddc
_cBK
999 _c31839
_d31839